| 000 | 00703nam a22002057a 4500 | ||
|---|---|---|---|
| 003 | OSt | ||
| 005 | 20260421051937.0 | ||
| 008 | 260421b |||||||| |||| 00| 0 eng d | ||
| 040 |
_aOC _cDWC-Main Lib |
||
| 082 | _aFil. 150 Am71f 1972 | ||
| 100 | _aAmparo, L. | ||
| 245 |
_aFreshman psychology: _ba course for beginners in general psychology _cAmparo, Librada B. |
||
| 250 | _aRevised edition | ||
| 260 |
_aQuezon City: _b New Mercury Printing Press |
||
| 300 |
_aviii, 252 pages ; _c 23 cm. |
||
| 504 | _aIncludes index. | ||
| 650 | _a1. Psychology. | ||
| 700 |
_aTuason, Remedios _eAuthor |
||
| 942 |
_2ddc _cBK - FIL _eRevised Edition _hFil. 150 Am71f 1972 _kFil. _n0 |
||
| 999 |
_c9552 _d9552 |
||